Física /

Guardado en:
Autor Principal: Romanelli, Lilia.
Otros Autores: Fendrik, Alejandro.
Formato: Libro
Idioma:Spanish
Publicado: Buenos Aires : Prentice Hall, Pearson Education, c2001.
Etiquetas: Agregar Etiqueta
Sin Etiquetas, Sea el primero en etiquetar este registro!
LEADER 00771nam a22002055a 4500
001 EEA.libagro007145
005 20180601093420.0
008 130809s2001####ag#a##########000#0#spa#d
020 |a 9879460154 
082 0 4 |a 530 
100 1 |a Romanelli, Lilia. 
245 1 0 |a Física /  |c Lilia Romanelli, Alejandro Fendrik. 
260 |a Buenos Aires :  |b Prentice Hall, Pearson Education,  |c c2001. 
300 |a 482 p. :  |b il. ;  |c 27 cm. 
700 1 |a Fendrik, Alejandro. 
859 |a AR-BbBCA  |b BIB. AGRONOMIA  |h 530  |i R758  |p 2004/4516 
859 |a AR-BbBCA  |b BIB. AGRONOMIA  |h 530  |i R758  |p 2004/4517  |t Ej.2 
859 |a AR-BbBCA  |b BIB. AGRONOMIA  |h 530  |i R758  |p 2004/4518  |t Ej.3 
859 |a AR-BbBCA  |b BIB. AGRONOMIA  |h 530  |i R758  |p 2004/4519  |t Ej.4 
859 |a AR-BbBCA  |b BIB. AGRONOMIA  |h 530  |i R758  |p 2004/4520  |t Ej.5